00513nam a22001457a 4500020000800000040001600008082001700024100002700041245009200068260004600160300003100206942001200237999001900249952009900268 qPB. cFizza Ishaq a150.195bJER aZweig, Connie.9133620 aMeeting The Shadow: The Hidden Power Of The Dark Side Of Human Nature / cConnie Zweig. aNew York :bJeremy P. Tarcher Inc,c1991. a333 p. ;c9 x 6 x 1 inches 2ddccBK c616580d616580 00102ddc4070aNQCbNQCcGENd2026-03-10l0o150.195 JERpQD-463r2026-03-10w2026-03-10yBK